Jean-Marc Moriceau, L’homme contre le loup : une guerre de deux mille ans. Paris, Fayard, 2011, 479 p. (notice n° 1623512)
[ vue normale ]
| 000 -LEADER | |
|---|---|
| fixed length control field | 00528cam a2200145 4500500 |
| 005 - DATE AND TIME OF LATEST TRANSACTION | |
| control field | 20260111092414.0 |
| 041 ## - LANGUAGE CODE | |
| Language code of text/sound track or separate title | fre |
| 042 ## - AUTHENTICATION CODE | |
| Authentication code | dc |
| 100 10 - MAIN ENTRY--PERSONAL NAME | |
| Personal name | Benhammou, Farid |
| Relator term | author |
| 245 00 - TITLE STATEMENT | |
| Title | Jean-Marc Moriceau, L’homme contre le loup : une guerre de deux mille ans. Paris, Fayard, 2011, 479 p. |
| 260 ## - PUBLICATION, DISTRIBUTION, ETC. | |
| Date of publication, distribution, etc. | 2012.<br/> |
| 500 ## - GENERAL NOTE | |
| General note | 52 |
| 786 0# - DATA SOURCE ENTRY | |
| Note | Études rurales | 189 | 1 | 2012-06-01 | p. 199a-204a | 0014-2182 |
| 856 41 - ELECTRONIC LOCATION AND ACCESS | |
| Uniform Resource Identifier | <a href="https://shs.cairn.info/revue-etudes-rurales-2012-1-page-199a?lang=fr&redirect-ssocas=7080">https://shs.cairn.info/revue-etudes-rurales-2012-1-page-199a?lang=fr&redirect-ssocas=7080</a> |
Pas d'exemplaire disponible.




Réseaux sociaux